000 00800cam a22002657a 4500
003 CHAP
005 20220329133746.0
008 971013s1979 r 00010 d
010 _a10447
011 _a11419
035 _a10657
040 _cCHAP
082 _a350.7242
_bE2
100 0 0 _aEberl, Horst Karl Dobner
_ecomp.
_935032
245 0 _aCatastro; conceptos, técnicas, avances, sistemas, aplicaciones
260 _aMéxico :
_bEd. Concepto,
_c1979
300 _a237 p.
590 _aBATCH-UPD
_b10
_c20130110
_lUCH01
_h1754
590 _aCONVERSION
_b10
_c20130109
_lUCH01
_h1307
650 1 4 _aCatastro.
_920493
710 0 _aInstituto Mexicano de Estudios del Comportamiento.
_959252
901 _aBK
942 _cLIBRO
949 _a350.7242 E2
_bBC
_cBPA
_d-22394
_eBPA
_h49041
_i10657
_mD
_si
999 _c10447
_d10447